[Event "Hastings Masters op"]
[Site "Hastings"]
[Date "2023.12.30"]
[Round "3"]
[White "Lux, Hugo de Melo"]
[Black "White, Stuart A"]
[Result "1-0"]
[WhiteElo "2311"]
[BlackElo "2014"]
[PlyCount "73"]
[EventDate "2023.12.28"]
[EventType "swiss"]
[EventRounds "9"]
[EventCountry "ENG"]
[SourceTitle "CB02_2024"]
[SourceDate "2024.01.10"]
[SourceVersion "1"]
[SourceVersionDate "2024.01.10"]
[SourceQuality "1"]

1. e4 c5 2. Nc3 Nc6 3. Bb5 Nd4 4. Bc4 e6 5. Nge2 Nf6 6. 0-0 a6 7. a4 d5 8. exd5 exd5 9. Ba2 Bd6 10. d3 0-0 11. Nxd4 cxd4 12. Ne2 Bg4 13. h3 Bh5 14. f3 Re8 15. g4 Bg6 16. Kg2 Qd7 17. Nxd4 Qxa4 18. c3 Qd7 19. f4 h6 20. f5 Bh7 21. Qf3 Bc5 22. Be3 Rad8 23. Bf2 Qd6 24. Rae1 Bb6 25. Bg3 Qd7 26. Be5 Rxe5 27. Rxe5 Bc7 28. Rfe1 Bxe5 29. Rxe5 Qc7 30. Re2 Kf8 31. h4 Qd6 32. g5 hxg5 33. hxg5 Ne8 34. Ne6+ fxe6 35. fxe6+ Kg8 36. e7 Be4 37. Rxe4 1-0

[Event "Arandjelovac ASK-15 GM"]
[Site "Arandjelovac"]
[Date "2023.12.18"]
[Round "1"]
[White "Orujov, Farid"]
[Black "Lux, Hugo de Melo"]
[Result "0-1"]
[WhiteElo "2226"]
[BlackElo "2311"]
[PlyCount "36"]
[EventDate "2023.12.18"]
[EventType "tourn"]
[EventRounds "9"]
[EventCountry "SRB"]
[EventCategory "6"]
[SourceTitle "CB52_2023"]
[SourceDate "2023.12.27"]
[SourceVersion "1"]
[SourceVersionDate "2023.12.27"]
[SourceQuality "1"]

1. e4 c5 2. Nf3 Nc6 3. d4 cxd4 4. Nxd4 e5 5. Nb5 d6 6. c4 Be7 7. N1c3 a6 8. Na3 Be6 9. Be2 Bg5 10. 0-0 h6 11. Bg4 Nf6 12. Bxe6 fxe6 13. Bxg5 hxg5 14. Qd2 g4 15. Rad1 Nd4 16. Nc2 Nxe4 17. Nxe4 Nf3+ 18. gxf3 Qh4 0-1

[Event "Titled Tuesday intern op 19th Sep Late"]
[Site "Chess.com INT"]
[Date "2023.09.19"]
[Round "6"]
[White "Lux, Hugo de Melo"]
[Black "Djokic, Mihailo"]
[Result "1-0"]
[WhiteElo "2324"]
[BlackElo "2148"]
[PlyCount "83"]
[EventDate "2023.09.19"]
[EventType "swiss (blitz)"]
[EventRounds "11"]
[EventCountry "USA"]
[SourceTitle "EXT 2024"]
[Source "ChessBase"]
[SourceDate "2023.10.10"]
[SourceVersion "1"]
[SourceVersionDate "2023.10.10"]
[SourceQuality "1"]

1. e4 c5 2. Nf3 d6 3. Bb5+ Bd7 4. Bxd7+ Qxd7 5. 0-0 Nc6 6. Re1 Nf6 7. c3 e6 8. d4 cxd4 9. cxd4 d5 10. e5 Ne4 11. Nc3 Nxc3 12. bxc3 Be7 13. Re3 Na5 14. Ne1 Nc4 15. Rg3 g6 16. Bh6 Rc8 17. Qg4 b5 18. Rf3 Bf8 19. Bg5 h6 20. Bf6 h5 21. Qf4 Bh6 22. Bg5 Bxg5 23. Qxg5 Qe7 24. Qf4 g5 25. Qc1 g4 26. Rg3 Kd7 27. Nd3 Kc7 28. a4 Rcg8 29. axb5 Kb8 30. Nc5 h4 31. Rd3 g3 32. fxg3 hxg3 33. Rxg3 Rxg3 34. hxg3 Rg8 35. Qh6 Nxe5 36. Qf4 f6 37. Na6+ Kb7 38. dxe5 f5 39. Qe3 Rg4 40. Nb4 d4 41. Qf3+ Kc8 42. Qa8+ 1-0

[Event "World-chT Rapid"]
[Site "Dusseldorf"]
[Date "2023.08.28"]
[Round "12"]
[White "Lux, Hugo de Melo"]
[Black "Nguku Namale, Ben"]
[Result "1-0"]
[WhiteElo "2324"]
[BlackElo "1967"]
[PlyCount "119"]
[EventDate "2023.08.26"]
[EventType "team-swiss (rapid)"]
[EventRounds "12"]
[EventCountry "GER"]
[SourceTitle "CBM 215 Extra"]
[Source "ChessBase"]
[SourceDate "2023.09.30"]
[SourceVersion "1"]
[SourceVersionDate "2023.09.30"]
[SourceQuality "1"]
[WhiteTeam "Lausanne Ecole Polytechnique"]
[BlackTeam "Kenya Commercial Bank"]
[WhiteTeamCountry "SUI"]
[BlackTeamCountry "KEN"]

1. e4 c6 2. Ne2 d5 3. e5 c5 4. d4 Nc6 5. c3 cxd4 6. cxd4 Bf5 7. Nbc3 e6 8. Be3 a6 9. Ng3 Bg6 10. a3 h5 11. Bd3 h4 12. Nge2 Bxd3 13. Qxd3 h3 14. g4 Nh6 15. Rg1 Qh4 16. g5 Ng4 17. g6 Ncxe5 18. dxe5 Nxe5 19. Qc2 Nf3+ 20. Kd1 Nxg1 21. Nxg1 Bd6 22. Nf3 Qg4 23. Qa4+ Qxa4+ 24. Nxa4 f6 25. Nb6 Rd8 26. Ke2 e5 27. Nxd5 e4 28. Nd4 Bxh2 29. Nc3 Be5 30. Ne6 Rd7 31. Nxe4 Re7 32. Rc1 Rh4 33. N4c5 b6 34. Rd1 Bc7 35. Nxc7+ Rxc7 36. Ne6 Rc2+ 37. Kf3 h2 38. Rh1 Rxb2 39. Nxg7+ Kf8 40. Nf5 Rh5 41. Bh6+ Rxh6 42. Nxh6 Kg7 43. Rxh2 Kxg6 44. Ng4 Rb3+ 45. Kf4 Rxa3 46. Rh6+ Kg7 47. Rh1 Kg6 48. Rh6+ Kg7 49. Rh1 Kg6 50. Rc1 Ra4+ 51. Kf3 Ra3+ 52. Kf4 Ra4+ 53. Kf3 Kg5 54. Ne3 Ra3 55. Rg1+ Kh5 56. Ke4 Ra4+ 57. Kf5 Kh6 58. Kxf6 Rf4+ 59. Nf5+ Kh5 60. Rg5# 1-0

[Event "Titled Tuesday intern op 18th Jul Early"]
[Site "Chess.com INT"]
[Date "2023.07.18"]
[Round "5"]
[White "Lux, Hugo de Melo"]
[Black "Barwinska, Ewa"]
[Result "1-0"]
[WhiteElo "2324"]
[BlackElo "2029"]
[PlyCount "119"]
[EventDate "2023.07.18"]
[EventType "swiss (blitz)"]
[EventRounds "11"]
[EventCountry "USA"]
[SourceTitle "EXT 2024"]
[Source "ChessBase"]
[SourceDate "2023.10.10"]
[SourceVersion "1"]
[SourceVersionDate "2023.10.10"]
[SourceQuality "1"]

1. e4 e5 2. Nf3 Nc6 3. Bc4 Bc5 4. c3 Bb6 5. 0-0 Nf6 6. d3 0-0 7. Bb3 h6 8. Nbd2 d5 9. h3 Be6 10. Bc2 d4 11. Kh1 Nh7 12. g4 Ng5 13. Nxg5 Qxg5 14. Nf3 Qe7 15. c4 a5 16. Ba4 Nd8 17. Nxe5 c5 18. f4 Bc7 19. Nf3 Nc6 20. Bxc6 bxc6 21. Rf2 Bd7 22. Qg1 Rab8 23. Qg2 Kh8 24. f5 f6 25. Nh4 Be8 26. Qf3 Qe5 27. Qg2 Bf7 28. Bf4 Qe7 29. Qh2 Bxf4 30. Qxf4 a4 31. Ng2 a3 32. b3 Qa7 33. Qd6 Qb7 34. Qg3 Rbd8 35. Nf4 Qb4 36. Rc2 Qb7 37. h4 Qc7 38. g5 fxg5 39. hxg5 Qd6 40. Ng6+ Bxg6 41. Qxd6 Rxd6 42. fxg6 Rxg6 43. gxh6 Rxh6+ 44. Rh2 Rff6 45. Rxh6+ Rxh6+ 46. Kg2 Rg6+ 47. Kf3 Rf6+ 48. Kg3 Rg6+ 49. Kf4 Rf6+ 50. Ke5 Rf2 51. Kd6 Rd2 52. e5 Rxd3 53. e6 Re3 54. Kd7 Kg8 55. e7 d3 56. e8Q+ Rxe8 57. Kxe8 g5 58. Rg1 d2 59. Rxg5+ Kh7 60. Rg1 1-0

[Event "Titled Tuesday intern op 18th Jul Early"]
[Site "Chess.com INT"]
[Date "2023.07.18"]
[Round "2"]
[White "Papasimakopoulos, Alexandros"]
[Black "Lux, Hugo de Melo"]
[Result "1-0"]
[WhiteElo "2403"]
[BlackElo "2324"]
[PlyCount "71"]
[EventDate "2023.07.18"]
[EventType "swiss (blitz)"]
[EventRounds "11"]
[EventCountry "USA"]
[SourceTitle "EXT 2024"]
[Source "ChessBase"]
[SourceDate "2023.10.10"]
[SourceVersion "1"]
[SourceVersionDate "2023.10.10"]
[SourceQuality "1"]

1. d4 Nf6 2. c4 e6 3. Nc3 d5 4. cxd5 exd5 5. Bg5 Be7 6. e3 c6 7. Bd3 Be6 8. Nf3 h6 9. Bh4 0-0 10. 0-0 Nbd7 11. Rb1 Nb6 12. Ne5 a5 13. f4 Nc8 14. f5 Bd7 15. g4 Nd6 16. Qf3 Nfe4 17. Bxe7 Qxe7 18. Bxe4 dxe4 19. Qg3 Rad8 20. h4 Rfe8 21. Rf2 Bc8 22. Rbf1 Qc7 23. g5 hxg5 24. hxg5 Nc4 25. g6 Nxe5 26. dxe5 Qxe5 27. Qh4 Rd6 28. f6 Rxf6 29. Rxf6 fxg6 30. Rxg6 Bf5 31. Rg5 Rf8 32. Qf4 Qc5 33. Nxe4 Qb6 34. Rxf5 Rxf5 35. Qxf5 Qxe3+ 36. Kg2 1-0

[Event "Titled Tuesday intern op 18th Jul Early"]
[Site "Chess.com INT"]
[Date "2023.07.18"]
[Round "3"]
[White "Souza, Gustavo Horokoski"]
[Black "Lux, Hugo de Melo"]
[Result "0-1"]
[WhiteElo "1953"]
[BlackElo "2324"]
[PlyCount "80"]
[EventDate "2023.07.18"]
[EventType "swiss (blitz)"]
[EventRounds "11"]
[EventCountry "USA"]
[SourceTitle "EXT 2024"]
[Source "ChessBase"]
[SourceDate "2023.10.10"]
[SourceVersion "1"]
[SourceVersionDate "2023.10.10"]
[SourceQuality "1"]

1. d4 Nf6 2. c4 e6 3. Nc3 d5 4. cxd5 exd5 5. Bg5 Be7 6. e3 c6 7. Qc2 Nbd7 8. Bd3 Nf8 9. Nge2 Ne6 10. Bh4 g6 11. 0-0 0-0 12. f3 Ng7 13. Rad1 Nf5 14. Bf2 Re8 15. Rfe1 Bb4 16. a3 Ba5 17. b4 Bc7 18. e4 dxe4 19. fxe4 Bxh2+ 20. Kxh2 Ng4+ 21. Kg1 Nxf2 22. Kxf2 Qh4+ 23. Kg1 Ne3 24. Qd2 Nxd1 25. Rxd1 Bg4 26. Rf1 Bxe2 27. Qxe2 Re7 28. Qf3 Rd8 29. d5 f5 30. g3 Qf6 31. Bc4 Qd4+ 32. Kh2 Qxc4 33. exf5 Rf7 34. g4 cxd5 35. Ne2 d4 36. Nf4 d3 37. Rd1 d2 38. Qe3 Qd4 39. Qg3 Qd6 40. Qf3 g5 0-1

[Event "Titled Tuesday intern op 11th Jul Early"]
[Site "Chess.com INT"]
[Date "2023.07.11"]
[Round "3"]
[White "Lux, Hugo de Melo"]
[Black "Timofeev, Artyom"]
[Result "0-1"]
[WhiteElo "2324"]
[BlackElo "2567"]
[PlyCount "86"]
[EventDate "2023.07.11"]
[EventType "swiss (blitz)"]
[EventRounds "11"]
[EventCountry "USA"]
[SourceTitle "EXT 2024"]
[Source "ChessBase"]
[SourceDate "2023.10.10"]
[SourceVersion "1"]
[SourceVersionDate "2023.10.10"]
[SourceQuality "1"]

1. e4 d6 2. d4 Nf6 3. Nc3 g6 4. Be3 c6 5. Qd2 b5 6. Bd3 Bb7 7. f3 Nbd7 8. h4 e5 9. Nce2 a6 10. c3 d5 11. dxe5 Nxe5 12. Bd4 Bd6 13. exd5 Nxd5 14. 0-0-0 0-0 15. h5 Nxd3+ 16. Qxd3 Qg5+ 17. Kb1 c5 18. Bf2 Qf5 19. Qxf5 gxf5 20. Nh3 Rfe8 21. Nc1 c4 22. Ka1 b4 23. cxb4 Bxb4 24. Bd4 Rad8 25. a3 Bf8 26. g4 Ne3 27. Bxe3 Rxd1 28. Rxd1 Rxe3 29. gxf5 Rxf3 30. Rg1+ Kh8 31. Ng5 Rxf5 32. Ne2 h6 33. Nh3 Rxh5 34. Nhf4 Rf5 35. Rg4 Bd6 36. Kb1 Bf3 37. Rh4 Kh7 38. Kc2 Be5 39. a4 a5 40. b3 Be4+ 41. Kd2 cxb3 42. Nh3 b2 43. Rxe4 b1Q 0-1

[Event "Titled Tuesday intern op 16th May Late"]
[Site "Chess.com INT"]
[Date "2023.05.16"]
[Round "10"]
[White "Argandona Riveiro, Inigo"]
[Black "Lux, Hugo de Melo"]
[Result "0-1"]
[WhiteElo "2344"]
[BlackElo "2324"]
[PlyCount "132"]
[EventDate "2023.05.16"]
[EventType "swiss (blitz)"]
[EventRounds "11"]
[EventCountry "USA"]
[SourceTitle "CBM 214 Extra"]
[Source "ChessBase"]
[SourceDate "2023.07.31"]
[SourceVersion "1"]
[SourceVersionDate "2023.07.31"]
[SourceQuality "1"]

1. Nf3 e6 2. c4 Nf6 3. g3 d5 4. Bg2 Be7 5. d4 0-0 6. Qc2 dxc4 7. Nbd2 c5 8. dxc5 Nc6 9. Qxc4 Qa5 10. 0-0 Qxc5 11. Qxc5 Bxc5 12. a3 a5 13. Nb3 Bb6 14. Bf4 Nd5 15. Ne5 Nxf4 16. gxf4 a4 17. Nc1 Nxe5 18. fxe5 Bd4 19. Nd3 Bd7 20. Rac1 Bb5 21. Bxb7 Rab8 22. Bc6 Bxd3 23. exd3 Bxb2 24. Rc2 Bxe5 25. Bxa4 Ra8 26. Rc4 Rfd8 27. Rfc1 Bb2 28. R1c2 Bxa3 29. Bc6 Rab8 30. Bf3 Rxd3 31. Rc8+ Rd8 32. Rxd8+ Rxd8 33. Ra2 Be7 34. Ra8 Bf6 35. Rxd8+ Bxd8 36. Be4 g6 37. Kg2 Kg7 38. Bc2 h5 39. h3 Kf6 40. Kf3 Bb6 41. Ba4 Kg5 42. Be8 f6 43. Bf7 Kf5 44. Be8 h4 45. Bd7 Bc5 46. Bc8 Bd6 47. Bd7 g5 48. Bc8 Bc5 49. Bd7 Ke5 50. Bc8 f5 51. Bd7 Kf6 52. Bc8 Bb6 53. Bd7 e5 54. Bc8 e4+ 55. Ke2 Ke5 56. Bd7 Kf4 57. Bc8 g4 58. hxg4 fxg4 59. Kf1 Kf3 60. Ba6 Bxf2 61. Be2+ Kg3 62. Bb5 Bc5 63. Bc6 Kf3 64. Bb7 h3 65. Ba6 g3 66. Be2+ Ke3 0-1

[Event "Titled Tuesday intern op 16th May Late"]
[Site "Chess.com INT"]
[Date "2023.05.16"]
[Round "4"]
[White "Fernandez Guillen, Ernesto J"]
[Black "Lux, Hugo de Melo"]
[Result "1-0"]
[WhiteElo "2477"]
[BlackElo "2324"]
[PlyCount "157"]
[EventDate "2023.05.16"]
[EventType "swiss (blitz)"]
[EventRounds "11"]
[EventCountry "USA"]
[SourceTitle "CBM 214 Extra"]
[Source "ChessBase"]
[SourceDate "2023.07.31"]
[SourceVersion "1"]
[SourceVersionDate "2023.07.31"]
[SourceQuality "1"]

1. e4 e6 2. Nf3 d5 3. Nc3 Nf6 4. e5 Nfd7 5. d4 c5 6. Ne2 Nc6 7. c3 Be7 8. a3 Qa5 9. Bf4 0-0 10. b4 Qc7 11. bxc5 b6 12. cxb6 axb6 13. Bc1 Na5 14. a4 Ba6 15. Bd2 Rfc8 16. g3 Nc4 17. Bc1 f6 18. exf6 Nxf6 19. Bf4 Bd6 20. Qc1 Ne4 21. Bg2 Na5 22. Bxd6 Qxd6 23. Qf4 Qe7 24. Ne5 Nxc3 25. Nxc3 Rxc3 26. Bf1 Qb4 27. Bxa6 Rc1+ 28. Ke2 Qb2+ 29. Kf3 Rxa1 30. Qf7+ Kh8 31. Rxa1 Qxa1 32. Bd3 Qxd4 33. Qh5 Rf8+ 34. Kg2 Qxf2+ 35. Kh3 g6 36. Nxg6+ Kg7 37. Nxf8 Kxf8 38. Qxh7 Qf6 39. Qc7 Qh6+ 40. Kg4 Qg7+ 41. Qxg7+ Kxg7 42. h4 Nc6 43. Kf4 Kf6 44. g4 e5+ 45. Ke3 e4 46. Bxe4 dxe4 47. Kxe4 Ne5 48. g5+ Ke6 49. h5 Nf7 50. g6 Nh6 51. Kd4 Kd6 52. Kc4 Kc6 53. Kb4 Kc7 54. Kb5 Kb7 55. Kb4 Kc6 56. Kc4 Kd6 57. Kb5 Kc7 58. Ka6 Kc6 59. Ka7 Ng8 60. Kb8 Kd7 61. Kb7 b5 62. axb5 Nf6 63. Ka7 Nxh5 64. b6 Ng7 65. b7 Ne6 66. b8Q Nd8 67. Qxd8+ Kxd8 68. g7 Ke7 69. g8Q Kf6 70. Qb3 Kf5 71. Kb6 Ke5 72. Kb5 Kf4 73. Qc4+ Kf3 74. Qc5 Ke2 75. Kc4 Kd2 76. Qd4+ Kc2 77. Qf2+ Kd1 78. Kc3 Kc1 79. Qc2# 1-0

[Event "Titled Tuesday intern op 16th May Late"]
[Site "Chess.com INT"]
[Date "2023.05.16"]
[Round "8"]
[White "Lux, Hugo de Melo"]
[Black "Djordjevic, Dejan N"]
[Result "1-0"]
[WhiteElo "2324"]
[BlackElo "2167"]
[PlyCount "111"]
[EventDate "2023.05.16"]
[EventType "swiss (blitz)"]
[EventRounds "11"]
[EventCountry "USA"]
[SourceTitle "CBM 214 Extra"]
[Source "ChessBase"]
[SourceDate "2023.07.31"]
[SourceVersion "1"]
[SourceVersionDate "2023.07.31"]
[SourceQuality "1"]

1. e4 c5 2. Nf3 Nc6 3. Bb5 g6 4. 0-0 Bg7 5. Re1 Nf6 6. e5 Nd5 7. Nc3 Nc7 8. Bxc6 dxc6 9. Ne4 b6 10. Nf6+ Kf8 11. Ne4 h6 12. d3 Be6 13. Ned2 Kg8 14. a4 a5 15. b3 Kh7 16. Nc4 Rb8 17. Bb2 Qd7 18. h3 Rhd8 19. Re4 Nd5 20. Qd2 Kg8 21. Rae1 Nb4 22. Bc1 b5 23. Nxa5 Ra8 24. Rxb4 cxb4 25. Qxb4 bxa4 26. bxa4 c5 27. Qxc5 Qxa4 28. Nc6 Rd7 29. Bb2 Kh7 30. Ra1 Qxa1+ 31. Bxa1 Rxa1+ 32. Kh2 Bd5 33. Nxe7 Bb7 34. Nc6 Rc7 35. Qb6 Rd7 36. d4 Ra6 37. Qb5 Rxc6 38. c4 Rcc7 39. d5 Ba6 40. Qxa6 Ra7 41. Qb6 Rab7 42. Qd4 Rb4 43. Qc5 Rbb7 44. d6 Ra7 45. Qd5 Ra2 46. c5 Rxf2 47. c6 Rd8 48. c7 Rc8 49. d7 Rxc7 50. d8Q Rcc2 51. Ne1 Rce2 52. Q5a8 Bxe5+ 53. Kg1 h5 54. Qg8+ Kh6 55. Qgf8+ Kg5 56. h4+ 1-0

[Event "Titled Tuesday intern op 16th May Late"]
[Site "Chess.com INT"]
[Date "2023.05.16"]
[Round "11"]
[White "Lux, Hugo de Melo"]
[Black "Papasimakopoulos, Alexandros"]
[Result "1-0"]
[WhiteElo "2324"]
[BlackElo "2401"]
[PlyCount "119"]
[EventDate "2023.05.16"]
[EventType "swiss (blitz)"]
[EventRounds "11"]
[EventCountry "USA"]
[SourceTitle "CBM 214 Extra"]
[Source "ChessBase"]
[SourceDate "2023.07.31"]
[SourceVersion "1"]
[SourceVersionDate "2023.07.31"]
[SourceQuality "1"]

1. e4 d5 2. exd5 Qxd5 3. Nc3 Qa5 4. d4 Nf6 5. Bc4 c6 6. Nge2 Bf5 7. 0-0 e6 8. Ng3 Bg6 9. f4 Be7 10. f5 exf5 11. Qe2 Qd8 12. Re1 Ne4 13. Nxf5 Bxf5 14. Nxe4 Qxd4+ 15. Nf2 0-0 16. c3 Qc5 17. b4 Qb6 18. Qxe7 Bg6 19. Be3 Qd8 20. Bc5 Qxe7 21. Rxe7 Na6 22. Bxa6 bxa6 23. Rae1 Rfd8 24. Ne4 a5 25. Nd6 axb4 26. cxb4 h6 27. Re8+ Kh7 28. Rxd8 Rxd8 29. Re7 a6 30. a4 f6 31. a5 Kg8 32. Kf2 Bd3 33. Ke3 Bf1 34. g3 h5 35. Kf4 Bh3 36. Re8+ Rxe8 37. Nxe8 Kf7 38. Nc7 Bf1 39. Ke3 g5 40. Ke4 Kg6 41. Ne6 Bc4 42. Nd4 Bf1 43. Ke3 Bg2 44. Kf2 Bh1 45. Nf3 Kf5 46. Ke3 Kg4 47. Ng1 h4 48. gxh4 Kxh4 49. Be7 f5 50. Nf3+ Kg4 51. Nxg5 f4+ 52. Kf2 Bd5 53. Nh7 Kh3 54. Nf6 Bh1 55. Bd6 Kxh2 56. Bxf4+ Kh3 57. Bg3 Bg2 58. Nd7 Bd5 59. Nb8 Bc4 60. Nxc6 1-0

[Event "Titled Tuesday intern op 16th May Late"]
[Site "Chess.com INT"]
[Date "2023.05.16"]
[Round "5"]
[White "Lux, Hugo de Melo"]
[Black "Papp, Bence"]
[Result "1-0"]
[WhiteElo "2324"]
[BlackElo "2276"]
[PlyCount "44"]
[EventDate "2023.05.16"]
[EventType "swiss (blitz)"]
[EventRounds "11"]
[EventCountry "USA"]
[SourceTitle "CBM 214 Extra"]
[Source "ChessBase"]
[SourceDate "2023.07.31"]
[SourceVersion "1"]
[SourceVersionDate "2023.07.31"]
[SourceQuality "1"]

1. e4 c5 2. Nf3 Nc6 3. Bb5 d6 4. 0-0 Bd7 5. Re1 a6 6. Bxc6 Bxc6 7. d4 cxd4 8. Nxd4 Nf6 9. Nc3 e6 10. Bg5 Be7 11. Qf3 Qc7 12. Rad1 0-0 13. Qh3 b5 14. a3 Rac8 15. Rd3 Bb7 16. Rg3 Qc5 17. Qh6 Qxd4 18. Be3 Ng4 19. Rxg4 Qf6 20. Qh3 g6 21. Bg5 Qg7 22. Bxe7 Rfe8 1-0

[Event "Titled Tuesday intern op 16th May Late"]
[Site "Chess.com INT"]
[Date "2023.05.16"]
[Round "2"]
[White "Lux, Hugo de Melo"]
[Black "Remizov, Yaroslav"]
[Result "0-1"]
[WhiteElo "2324"]
[BlackElo "2421"]
[PlyCount "110"]
[EventDate "2023.05.16"]
[EventType "swiss (blitz)"]
[EventRounds "11"]
[EventCountry "USA"]
[SourceTitle "CBM 214 Extra"]
[Source "ChessBase"]
[SourceDate "2023.07.31"]
[SourceVersion "1"]
[SourceVersionDate "2023.07.31"]
[SourceQuality "1"]

1. e4 c5 2. Nf3 e6 3. Nc3 Nc6 4. d4 cxd4 5. Nxd4 Nf6 6. Be3 Bb4 7. Nxc6 bxc6 8. Qd4 c5 9. Qc4 d5 10. exd5 exd5 11. Qe2 0-0 12. a3 Bxc3+ 13. bxc3 d4 14. Rd1 Qa5 15. Bd2 Re8 16. cxd4 Rxe2+ 17. Bxe2 Qxa3 18. dxc5 Bb7 19. 0-0 Qxc5 20. Be3 Qxc2 21. Rd2 Qg6 22. f3 Re8 23. Bxa7 Qg5 24. Rb2 Bc6 25. Rc2 Ba4 26. Ra2 Bb3 27. Rb2 Qe5 28. Rfb1 h5 29. Bf1 Be6 30. Re2 Qc7 31. Bb6 Qd6 32. Bf2 Nd5 33. Rd1 Rc8 34. Red2 Qc6 35. h3 Kh7 36. Bd3+ g6 37. Be4 Rd8 38. Bh4 Rd7 39. Kh1 Qc4 40. Rd4 Qc5 41. Bf2 Qa5 42. Be1 Qb5 43. Bf2 Nc3 44. Re1 Rxd4 45. Bxd4 Nxe4 46. Rxe4 Qd3 47. Bf6 Qd5 48. Rd4 Qc5 49. Rd8 Qc1+ 50. Rd1 Qxd1+ 51. Kh2 Qd6+ 52. Be5 Qxe5+ 53. f4 Qxf4+ 54. g3 Qf2+ 55. Kh1 Bd5# 0-1

[Event "Lyon ECAM GM"]
[Site "Lyon"]
[Date "2023.04.14"]
[Round "7"]
[White "Bournel, Antoine"]
[Black "Lux, Hugo de Melo"]
[Result "1/2-1/2"]
[WhiteElo "2362"]
[BlackElo "2322"]
[PlyCount "72"]
[EventDate "2023.04.10"]
[EventType "tourn"]
[EventRounds "9"]
[EventCountry "FRA"]
[EventCategory "9"]
[SourceTitle "EXT 2024"]
[Source "ChessBase"]
[SourceDate "2023.10.10"]
[SourceVersion "1"]
[SourceVersionDate "2023.10.10"]
[SourceQuality "1"]

1. d4 d5 2. c4 c6 3. Nf3 Nf6 4. Qc2 dxc4 5. Qxc4 Bf5 6. g3 e6 7. Bg2 Nbd7 8. Nbd2 Be7 9. 0-0 0-0 10. Re1 Ne4 11. Qb3 Nb6 12. Nc4 Nxc4 13. Qxc4 Nd6 14. Qb3 Be4 15. Bd2 Nb5 16. e3 Qb6 17. Rec1 Rfc8 18. Ne5 Bxg2 19. Kxg2 Qd8 20. a4 Nd6 21. Bb4 Rab8 22. Rc2 Nf5 23. Bxe7 Nxe7 24. Rac1 Qd5+ 25. Qxd5 Nxd5 26. Kf3 Rd8 27. g4 f6 28. Nd3 Kf7 29. Rc5 Nb6 30. Ke2 Ke7 31. b3 Rd5 32. R5c2 Nd7 33. Nf4 Rd6 34. Nd3 Rd5 35. Nf4 Rd6 36. Nd3 Rd5 1/2-1/2

[Event "Titled Tuesday intern op 14th Feb Early"]
[Site "Chess.com INT"]
[Date "2023.02.14"]
[Round "10"]
[White "Gonzalez, Francisco Silva"]
[Black "Lux, Hugo de Melo"]
[Result "1-0"]
[WhiteElo "2043"]
[BlackElo "2321"]
[PlyCount "189"]
[EventDate "2023.02.14"]
[EventType "swiss (blitz)"]
[EventRounds "11"]
[EventCountry "USA"]
[SourceTitle "CBM 212 Extra"]
[Source "ChessBase"]
[SourceDate "2023.03.31"]
[SourceVersion "1"]
[SourceVersionDate "2023.03.31"]
[SourceQuality "1"]

1. d4 Nf6 2. c4 e6 3. Nc3 c5 4. d5 d6 5. e4 exd5 6. exd5 Be7 7. h3 0-0 8. Bd3 Nbd7 9. f4 Re8 10. Nge2 Nf8 11. 0-0 Ng6 12. Qe1 Bf8 13. Qf2 Nh5 14. Ng3 Nxg3 15. Qxg3 f5 16. a4 Be7 17. Qf3 Bf6 18. Qh5 Bd4+ 19. Kh2 Qh4 20. Qxh4 Nxh4 21. Nb5 Rd8 22. Nxd4 cxd4 23. Bd2 b6 24. a5 Rb8 25. axb6 axb6 26. Rfe1 Ng6 27. Ra7 Rb7 28. Ra8 Rf7 29. g4 fxg4 30. Bxg6 hxg6 31. hxg4 g5 32. f5 g6 33. Bxg5 Rdf8 34. fxg6 Rf2+ 35. Kg1 Bxg4 36. Rxf8+ Rxf8 37. Bh6 d3 38. Kg2 Bh5 39. g7 Re8 40. Rf1 Bf7 41. Kg3 d2 42. Bxd2 Kxg7 43. Bc3+ Kg8 44. Rf6 b5 45. Rxd6 bxc4 46. Rd7 Re4 47. Kf3 Re8 48. Kf4 Re2 49. Kf5 Rf2+ 50. Ke5 Re2+ 51. Kd6 Re3 52. Kc6 Rd3 53. Rd8+ Kh7 54. Kc5 Kg6 55. Kxc4 Rd1 56. b4 Kf5 57. b5 Rb1 58. Kc5 Bh5 59. Rf8+ Ke4 60. Rh8 Be2 61. Rh4+ Kd3 62. Bb4 Rc1+ 63. Kd6 Kc2 64. b6 Rb1 65. b7 Rg1 66. b8Q Rg6+ 67. Kc5 Rg5 68. Rc4+ Bxc4 69. Kxc4 Rg4+ 70. Kb5 Rg5 71. Qd6 Rg4 72. Qc5+ Kd3 73. d6 Ke2 74. Qd5 Ke3 75. Qe6+ Re4 76. Qxe4+ Kxe4 77. d7 Ke5 78. d8Q Ke4 79. Qd6 Kf5 80. Qd5+ Kf4 81. Qe6 Kf3 82. Qe5 Kg4 83. Ba5 Kf3 84. Qd4 Kg3 85. Qe4 Kf2 86. Qd3 Kg2 87. Qe3 Kf1 88. Qd2 Kg1 89. Kc4 Kh1 90. Kd3 Kg1 91. Ke3 Kf1 92. Kf3 Kg1 93. Qf2+ Kh1 94. Qf1+ Kh2 95. Qg2# 1-0

[Event "Titled Tuesday intern op 14th Feb Late"]
[Site "Chess.com INT"]
[Date "2023.02.14"]
[Round "1"]
[White "Mendez Machado, Andre"]
[Black "Lux, Hugo de Melo"]
[Result "0-1"]
[WhiteElo "1962"]
[BlackElo "2321"]
[PlyCount "55"]
[EventDate "2023.02.14"]
[EventType "swiss (blitz)"]
[EventRounds "11"]
[EventCountry "USA"]
[SourceTitle "CBM 212 Extra"]
[Source "ChessBase"]
[SourceDate "2023.03.31"]
[SourceVersion "1"]
[SourceVersionDate "2023.03.31"]
[SourceQuality "1"]

1. e4 e6 2. d4 d5 3. Nd2 Nf6 4. e5 Nfd7 5. Ngf3 c5 6. c3 Nc6 7. Bd3 g6 8. 0-0 Bg7 9. Re1 0-0 10. Nf1 cxd4 11. cxd4 f6 12. exf6 Qxf6 13. Bg5 Qf7 14. Be3 e5 15. dxe5 Ndxe5 16. Nxe5 Nxe5 17. h3 Bd7 18. Rc1 Bc6 19. Ng3 a6 20. b4 Rae8 21. a4 Bxa4 22. Qd2 Rd8 23. Bb6 Rd7 24. Bf1 Bc6 25. Bd4 Re8 26. f4 Nc4 27. Rxe8+ Qxe8 28. Qe1 0-1